Sú geneticky upravené potraviny bezpečné?

Geneticky modifikované organizmy (GMO) - charakteristika. Ako sa prenášajú gény. Vývoj biotechnológií. Európa má vypracovaný kontrolný systém nazvaný "z poľa na vidličku" - všetko, čo je povolené, musí byť bezpečné. Budúcnosť biotechnológií. A čo živočíšne produkty - zvieratá kŕmené geneticky modifi...

Descrizione completa

Salvato in:
Dettagli Bibliografici
Natura: Capitolo di libro
Lingua:slovacco
Soggetti:
Tags: Aggiungi Tag
Nessun Tag, puoi essere il primo ad aggiungerne!!

MARC

LEADER 00000naa$a2200000$$$4500
001 0032239
005 20231108140653.1
041 0 |a slo 
044 |a SK 
245 1 0 |a Sú geneticky upravené potraviny bezpečné? 
520 |a Geneticky modifikované organizmy (GMO) - charakteristika. Ako sa prenášajú gény. Vývoj biotechnológií. Európa má vypracovaný kontrolný systém nazvaný "z poľa na vidličku" - všetko, čo je povolené, musí byť bezpečné. Budúcnosť biotechnológií. A čo živočíšne produkty - zvieratá kŕmené geneticky modifikovanými plodinami. 
610 2 0 |a potraviny modifikované geneticky 
610 2 0 |a bezpečnosť potravinová 
610 2 0 |a plodiny poľnohospodárske 
610 2 0 |a výrobky živočíšne 
610 2 0 |a kontrola 
610 2 0 |a biotechnológia 
610 2 0 |a vývoj 
610 2 0 |a Európa